00354pab a2200121 454500008004000000100001900040245009000059260000900149300001600158362000800174650001600182773003400198180718b2008 xxu||||| |||| 00| 0 eng d aWright, Joseph aTo invest or insure? How authoritarian time horizons impact foreign aid effectiveness c2008 ap.971-1000. aJul aForeign aid aComparative Political Studies